01625nam a2200289 u 450000100100000000500170001000800410002702000190006804300120008710000270009924502160012625000120034226000470035430000240040149000300042552005680045565000210102365000250104465000270106965000300109665000300112665100400115670000370119670000420123370000360127570000240131100004878220200120222616.0120507s2011 ck br 000 j spa d a9789588662183. as-ck---1 aLozano, Pilar,d1951-.10aAsí vivo yo, Colombia contada por los niños /cPilar Lozano ; ilustraciones María Fernanda Mantilla ; dirección editorial María Fernanda Paz Castillo, María del Sol Peralta ; producción Jairo Mora. a1a. ed. aBogotá :bRandom House Mondadori,c2011. a104 p. :bil., col. 0aColección La Biblioteca3 a"¿A qué juegan los niños wayuus? ¿Los que viven en zonas selváticas del Putumayo van en bus o en canoa a la escuela? ¿Cómo son los columpios de los niños nukak makus? ¿En qué lugar de Colombia los niños son deshollinadores? ¿Dónde persiguen conejos? ¿Y dónde tocan guazá, comen rondón, juegan la lleva en el agua, hablan palenquero, o les gusta 'sabaniar'? Este libro es un recorrido por Colombia a través de la vida de sus niños y niñas : los de páramo y desierto; los de selva y río, los del mar, la montaña y la sabana."14aCuento infantil.24aLiteratura infantil.24aLiteratura colombiana.24aCultura en la literatura.24aNiños en la literatura. 4aColombiaxVida social y costumbres.1 aMantilla, María Fernanda,eil.1 aPaz Castillo, María Fernanda,ddir.1 aPeralta, María del Sol,edir.1 aMora, Jairo,eprod.